000 00402nam a22001697a 4500
005 20180323121009.0
008 160513b xxu||||| |||| 00| 0 eng d
020 _a81-7446-289-9
041 _aeng
082 _b2056
_a338.5024658
100 _aATMANAND
_9576
245 _aManagerial Economics
260 _aNew Delhi
_bExcel Books,
_c2008
300 _a706
650 _aManagement
_9241
942 _cBK
999 _c748
_d748